The Office Trivia (difficult) - Statistics

General Stats
  • This quiz has been taken 5,018 times
  • The average score is 12 of 21
Answer Stats
Question Answer % Correct
How many vasectomies did Michael Scott have? (reverse-vasectomy counts) 3
92%
What is the name of the quality assurance officer? (Hint: he smells like old people) Creed Bratton
88%
Dwight's simple cousin's name is ____. Mose
88%
What does Michael claim is the "worst thing about prison?" The Dementors
88%
Who plays Goldface in Threat Level: Midnight? Jim Halpert
83%
What website did Ryan Howard create as a business venture? wuphf.com
78%
When Meredith walks into a room, she must ask every man: "Are you in a _________?" relationship
68%
What is Erin's full name? (First Middle Last) Kelly Erin Hannon
64%
Dwight's perfect crime involves stealing what from Tiffany's? the chandelier
63%
What department did Kevin Malone initially apply to at Dunder Mifflin Scranton? Warehouse
62%
"Hi, I'm Date-Mike. It's nice to ____ __." meet me
61%
2/3: "I would have gotten expelled if I had let it affect my grades, but I aced all my courses. They called me ___." Ace
60%
What is the name of Michael's dream shoe shop? Shoe La La
55%
At whose concert did Michael smoke marijuana? Alicia Keys
48%
What does Michael drink (mix) his Scotch with? Splenda
44%
3/3: "It was totally awesome. Got straight B's. They called me ____." Buzz
35%
What did Jim and Andy get drunk on in the Stanford office? Jagermeister
28%
Michael was on a children's TV show as a kid. What is the show called? Fundle Bundle
27%
1/3: Andy in college: "When I was in college I used to get wicked hammered. My nickname was ____." Puke
18%
Which of Angela's cats is caught on the nanny cam humping Princess Lady? Mr. Ash
14%
Kelly Kapoor has three younger sisters: Rupa, Neepa and _______. Tiffany
14%
No matching quizzes found
Score Distribution
Percent of People with Each Score
Percentile by Number Answered
Your Score History
You have not taken this quiz